[Event "DEM U16 2017"]
[Site "Willingen GER"]
[Date "2017.06.09"]
[Round "8"]
[White "Weber, Samuel"]
[Black "Nöldner, Julian"]
[Result "1/2-1/2"]
[Termination "normal"]
[Board "12"]
[WhiteElo "2039"]
[BlackElo "1883"]
[WhiteClock "00:23:15"]
[BlackClock "00:40:33"]
[PlyCount "99"]
[WhiteFideId "12924008"]
[BlackFideId "16218744"]
[EventCountry "GER"]
[EventRounds "9"]
[EventType "swiss"]
[EventDate "2017.06.03"]

1. e4 {[%clk 1:30:56]} 1... e5 {[%clk 1:30:49]} 2. Nf3 {[%clk 1:31:22]} 2...
Nc6 {[%clk 1:31:14]} 3. Bb5 {[%clk 1:31:48]} 3... Nf6 {[%clk 1:30:42]} 4. O-O {
[%clk 1:31:44]} 4... Nxe4 {[%clk 1:31:07]} 5. d4 {[%clk 1:32:02]} 5... Nd6 {
[%clk 1:31:16]} 6. Bg5 {[%clk 1:28:35]} 6... Be7 {[%clk 1:31:39]} 7. Bxe7 {
[%clk 1:29:00]} 7... Qxe7 {[%clk 1:32:00]} 8. Bxc6 {[%clk 1:29:20]} 8... dxc6 {
[%clk 1:32:23]} 9. dxe5 {[%clk 1:29:45]} 9... Nf5 {[%clk 1:32:34]} 10. Nc3 {
[%clk 1:29:32]} 10... Be6 {[%clk 1:26:41]} 11. Qd2 {[%clk 1:29:51]} 11... Rd8 {
[%clk 1:26:45]} 12. Qf4 {[%clk 1:30:12]} 12... h6 {[%clk 1:24:38]} 13. Rad1
13... O-O {[%clk 1:22:55]} 14. Ne4 {[%clk 1:13:45]} 14... b6 {[%clk 1:20:21]}
15. Kh1 {[%clk 1:08:24]} 15... Rxd1 {[%clk 1:16:57]} 16. Rxd1 {[%clk 1:08:53]}
16... Rd8 {[%clk 1:17:09]} 17. Rg1 {[%clk 1:02:20]} 17... c5 {[%clk 1:12:27]}
18. c3 {[%clk 1:00:57]} 18... Qd7 {[%clk 1:06:51]} 19. g4 {[%clk 0:56:04]}
19... Ne7 {[%clk 1:06:37]} 20. Nf6+ {[%clk 0:34:31]} 20... gxf6 {[%clk 1:06:28]
} 21. exf6 {[%clk 0:29:53]} 21... Kh7 {[%clk 0:36:01]} 22. fxe7 {[%clk 0:24:26]
} 22... Qxe7 {[%clk 0:35:33]} 23. g5 {[%clk 0:18:27]} 23... Rg8 {[%clk 0:31:18]
} 24. gxh6 {[%clk 0:12:14]} 24... Rxg1+ {[%clk 0:29:32]} 25. Kxg1 { [%clk
0:12:42]} 25... f6 {[%clk 0:22:19]} 26. Nh4 {[%clk 0:12:01]} 26... Qf7 { [%clk
0:19:39]} 27. a3 {[%clk 0:06:13]} 27... Qh5 {[%clk 0:15:12]} 28. Qxc7+ { [%clk
0:03:43]} 28... Kxh6 {[%clk 0:15:24]} 29. Qf4+ {[%clk 0:04:09]} 29... Qg5+
{[%clk 0:15:14]} 30. Qxg5+ {[%clk 0:04:35]} 30... Kxg5 {[%clk 0:12:59]} 31.
Nf3+ {[%clk 0:04:00]} 31... Kf4 {[%clk 0:13:24]} 32. Nd2 {[%clk 0:04:27]} 32...
b5 {[%clk 0:12:17]} 33. Kg2 {[%clk 0:02:15]} 33... Bd5+ {[%clk 0:12:24]} 34.
Kf1 {[%clk 0:01:45]} 34... Kg4 {[%clk 0:11:46]} 35. Kg1 {[%clk 0:01:06]} 35...
f5 {[%clk 0:10:05]} 36. Kf1 {[%clk 0:00:46]} 36... Kh3 {[%clk 0:10:28]} 37. f3
{[%clk 0:00:42]} 37... Kxh2 {[%clk 0:10:21]} 38. Kf2 {[%clk 0:01:05]} 38... Kh3
{[%clk 0:10:46]} 39. Nf1 {[%clk 0:00:44]} 39... Kh4 {[%clk 0:10:59]} 40. Ne3
{[%clk 0:01:10]} 40... Be6 {[%clk 0:11:23]} 41. Ng2+ {[%clk 0:01:09]} 41... Kg5
{[%clk 0:11:36]} 42. Ke3 {[%clk 0:01:28]} 42... Kf6 {[%clk 0:11:44]} 43. Kf4
{[%clk 0:01:41]} 43... Bd7 {[%clk 0:10:01]} 44. Ne3 {[%clk 0:30:15]} 44... Be6
{[%clk 0:40:26]} 45. b4 {[%clk 0:23:46]} 45... cxb4 {[%clk 0:39:33]} 46. cxb4
{[%clk 0:23:32]} 46... a6 {[%clk 0:39:54]} 47. Nc2 {[%clk 0:23:32]} 47... Bc8
{[%clk 0:40:03]} 48. Nd4 {[%clk 0:23:59]} 48... Bd7 {[%clk 0:40:26]} 49. Nb3
{[%clk 0:24:10]} 49... Be6 {[%clk 0:40:33]} 50. Nc5 {[%clk 0:23:15]} 1/2-1/2

[Event "DEM U16 2017"]
[Site "Willingen GER"]
[Date "2017.06.09"]
[Round "8"]
[White "Recktenwald, Cedric"]
[Black "Woithe, Daniel"]
[Result "1/2-1/2"]
[Termination "normal"]
[Board "13"]
[WhiteElo "1788"]
[BlackElo "1745"]
[WhiteClock "00:35:04"]
[BlackClock "00:20:05"]
[PlyCount "40"]
[WhiteFideId "12971928"]
[BlackFideId "16244648"]
[EventCountry "GER"]
[EventRounds "9"]
[EventType "swiss"]
[EventDate "2017.06.03"]

1. e4 {[%clk 1:30:59]} 1... e6 {[%clk 1:30:53]} 2. d4 {[%clk 1:31:22]} 2... d5
{[%clk 1:31:17]} 3. Nc3 {[%clk 1:31:45]} 3... Nf6 {[%clk 1:31:39]} 4. exd5 {
[%clk 1:32:04]} 4... exd5 {[%clk 1:31:10]} 5. Bd3 {[%clk 1:32:14]} 5... c6 {
[%clk 1:30:41]} 6. Nge2 {[%clk 1:32:15]} 6... Bd6 {[%clk 1:30:54]} 7. Bg5 {
[%clk 1:32:09]} 7... O-O {[%clk 1:28:42]} 8. Qd2 {[%clk 1:32:16]} 8... Nbd7 {
[%clk 1:28:43]} 9. O-O-O {[%clk 1:32:23]} 9... b5 {[%clk 1:28:49]} 10. Rde1 {
[%clk 1:29:22]} 10... a5 {[%clk 1:13:30]} 11. Ng3 {[%clk 1:24:56]} 11... Re8 {
[%clk 0:49:36]} 12. Rxe8+ {[%clk 1:12:10]} 12... Qxe8 {[%clk 0:49:59]} 13. Re1
{[%clk 1:12:30]} 13... Qf8 {[%clk 0:42:24]} 14. Nf5 {[%clk 1:10:38]} 14... Bb7
{[%clk 0:41:03]} 15. Nd1 {[%clk 0:55:17]} 15... b4 {[%clk 0:33:26]} 16. Nde3 {
[%clk 0:42:17]} 16... Re8 {[%clk 0:29:21]} 17. Rh1 {[%clk 0:38:42]} 17... Ne4 {
[%clk 0:20:08]} 18. Bxe4 {[%clk 0:38:37]} 18... Rxe4 {[%clk 0:20:27]} 19. f3 {
[%clk 0:36:56]} 19... Re6 {[%clk 0:20:05]} 20. Nxd6 {[%clk 0:35:04]} 20... Qxd6
1/2-1/2

[Event "DEM U16 2017"]
[Site "Willingen GER"]
[Date "2017.06.09"]
[Round "8"]
[White "Lange, Jannis"]
[Black "Köllner, Aaron Noah"]
[Result "1/2-1/2"]
[Termination "normal"]
[Board "14"]
[WhiteElo "1843"]
[BlackElo "1967"]
[WhiteClock "00:04:48"]
[BlackClock "00:33:37"]
[PlyCount "66"]
[WhiteFideId "12993107"]
[BlackFideId "12993085"]
[EventCountry "GER"]
[EventRounds "9"]
[EventType "swiss"]
[EventDate "2017.06.03"]

1. e4 {[%clk 1:30:55]} 1... c5 {[%clk 1:30:56]} 2. Nf3 {[%clk 1:31:20]} 2...
Nf6 {[%clk 1:31:21]} 3. e5 {[%clk 1:29:59]} 3... Nd5 {[%clk 1:31:44]} 4. Nc3 {
[%clk 1:29:32]} 4... e6 {[%clk 1:32:07]} 5. Nxd5 {[%clk 1:28:35]} 5... exd5 {
[%clk 1:32:32]} 6. d4 {[%clk 1:28:27]} 6... Nc6 {[%clk 1:32:56]} 7. dxc5 {
[%clk 1:28:30]} 7... Bxc5 {[%clk 1:33:20]} 8. Qxd5 {[%clk 1:28:50]} 8... Qb6 {
[%clk 1:33:45]} 9. Bc4 {[%clk 1:28:31]} 9... Bxf2+ {[%clk 1:34:08]} 10. Ke2 {
[%clk 1:28:49]} 10... O-O {[%clk 1:34:10]} 11. Rf1 {[%clk 1:26:40]} 11... Bc5 {
[%clk 1:33:48]} 12. Ng5 {[%clk 1:21:29]} 12... Nd4+ {[%clk 1:30:22]} 13. Kd1 {
[%clk 1:21:03]} 13... Ne6 {[%clk 1:30:35]} 14. Ne4 {[%clk 1:17:51]} 14... d6 {
[%clk 1:23:19]} 15. exd6 {[%clk 1:15:30]} 15... Rd8 {[%clk 1:17:57]} 16. Bd3 {
[%clk 1:13:27]} 16... Bxd6 {[%clk 1:10:47]} 17. Qh5 {[%clk 1:11:52]} 17... Nf8
{[%clk 0:51:31]} 18. Nxd6 {[%clk 0:52:40]} 18... Qxd6 {[%clk 0:49:41]} 19.
Qxf7+ {[%clk 0:52:15]} 19... Kh8 {[%clk 0:50:03]} 20. Qf4 {[%clk 0:51:58]}
20... Qc5 {[%clk 0:47:12]} 21. Bd2 {[%clk 0:36:23]} 21... Be6 {[%clk 0:43:52]}
22. Qh4 {[%clk 0:30:27]} 22... Bg8 {[%clk 0:43:04]} 23. Qg5 {[%clk 0:26:51]}
23... Ne6 {[%clk 0:39:40]} 24. Qxc5 {[%clk 0:25:07]} 24... Nxc5 {[%clk 0:40:04]
} 25. Rf3 {[%clk 0:24:56]} 25... Nxd3 {[%clk 0:39:40]} 26. cxd3 {[%clk 0:18:31]
} 26... Rf8 {[%clk 0:36:45]} 27. Rxf8 {[%clk 0:10:46]} 27... Rxf8 { [%clk
0:36:46]} 28. Ke2 {[%clk 0:09:30]} 28... Bd5 {[%clk 0:36:46]} 29. g3 { [%clk
0:06:31]} 29... Kg8 {[%clk 0:35:15]} 30. Be3 {[%clk 0:05:34]} 30... a6 { [%clk
0:32:55]} 31. a3 {[%clk 0:05:50]} 31... Rc8 {[%clk 0:33:14]} 32. Rc1 { [%clk
0:04:48]} 32... Rxc1 {[%clk 0:33:37]} 33. Kd2 Rc8 1/2-1/2

[Event "DEM U16 2017"]
[Site "Willingen GER"]
[Date "2017.06.10"]
[Round "9"]
[White "Rieß, Alexander"]
[Black "Engel, Luis"]
[Result "1-0"]
[Termination "normal"]
[Board "1"]
[WhiteTitle "FM"]
[WhiteElo "2224"]
[BlackElo "2362"]
[WhiteClock "00:43:32"]
[BlackClock "00:43:54"]
[PlyCount "95"]
[WhiteFideId "12953326"]
[BlackFideId "12961523"]
[EventCountry "GER"]
[EventRounds "9"]
[EventType "swiss"]
[EventDate "2017.06.03"]

1. d4 {[%clk 1:30:47]} 1... d5 {[%clk 1:30:49]} 2. c4 {[%clk 1:30:54]} 2... e6
{[%clk 1:31:01]} 3. Nc3 {[%clk 1:30:54]} 3... a6 {[%clk 1:31:14]} 4. cxd5 {
[%clk 1:25:27]} 4... exd5 {[%clk 1:31:38]} 5. Bf4 {[%clk 1:25:44]} 5... c6 {
[%clk 1:32:01]} 6. e3 {[%clk 1:24:15]} 6... Bd6 {[%clk 1:32:22]} 7. Bxd6 {
[%clk 1:23:14]} 7... Qxd6 {[%clk 1:32:46]} 8. Bd3 {[%clk 1:22:13]} 8... Ne7 {
[%clk 1:33:09]} 9. Qc2 {[%clk 1:22:00]} 9... g6 {[%clk 1:32:10]} 10. Nf3 {
[%clk 1:17:13]} 10... O-O {[%clk 1:32:24]} 11. O-O {[%clk 1:15:35]} 11... Bf5 {
[%clk 1:32:22]} 12. Rfc1 {[%clk 1:14:15]} 12... Nd7 {[%clk 1:29:40]} 13. Na4 {
[%clk 1:13:03]} 13... Rfe8 {[%clk 1:25:42]} 14. Nc5 {[%clk 1:10:08]} 14... Rab8
{[%clk 1:14:05]} 15. b4 {[%clk 1:09:06]} 15... Nb6 {[%clk 1:08:20]} 16. Nd2 {
[%clk 1:07:12]} 16... Qf6 {[%clk 1:02:29]} 17. a4 {[%clk 1:04:23]} 17... Bxd3 {
[%clk 1:01:51]} 18. Qxd3 {[%clk 1:04:35]} 18... Qf5 {[%clk 1:01:01]} 19. Qxf5 {
[%clk 1:03:48]} 19... Nxf5 {[%clk 1:00:01]} 20. a5 {[%clk 1:04:06]} 20... Nc8 {
[%clk 0:59:05]} 21. Nd7 {[%clk 1:04:25]} 21... Ncd6 {[%clk 0:59:06]} 22. Nxb8 {
[%clk 1:04:45]} 22... Rxb8 {[%clk 0:59:30]} 23. g3 {[%clk 1:04:13]} 23... Re8 {
[%clk 0:58:56]} 24. Kg2 {[%clk 1:03:51]} 24... f6 {[%clk 0:56:58]} 25. Ra3 {
[%clk 1:03:40]} 25... Kf7 {[%clk 0:56:37]} 26. Rd3 {[%clk 1:03:48]} 26... Nb5 {
[%clk 0:56:24]} 27. g4 {[%clk 1:03:10]} 27... Nfd6 {[%clk 0:56:30]} 28. h3 {
[%clk 1:02:34]} 28... Re7 {[%clk 0:55:54]} 29. f3 {[%clk 1:02:16]} 29... Nc7 {
[%clk 0:55:20]} 30. Kf2 30... Ne6 {[%clk 0:55:02]} 31. Nb3 {[%clk 1:01:48]}
31... g5 {[%clk 0:52:50]} 32. h4 {[%clk 1:01:13]} 32... Kg7 {[%clk 0:51:57]}
33. Nc5 {[%clk 1:00:05]} 33... Nf8 {[%clk 0:52:03]} 34. hxg5 {[%clk 0:59:43]}
34... fxg5 {[%clk 0:52:26]} 35. Re1 {[%clk 0:59:43]} 35... Ng6 {[%clk 0:52:21]}
36. e4 {[%clk 0:55:48]} 36... Nf4 {[%clk 0:50:47]} 37. Rdd1 {[%clk 0:53:02]}
37... Kf7 {[%clk 0:48:54]} 38. exd5 {[%clk 0:50:47]} 38... Rxe1 {[%clk 0:48:55]
} 39. Rxe1 {[%clk 0:51:08]} 39... Nxd5 {[%clk 0:49:19]} 40. Ne4 {[%clk 0:45:54]
} 40... Nb5 {[%clk 0:46:58]} 41. Nxg5+ {[%clk 0:44:55]} 41... Kg6 { [%clk
0:47:12]} 42. Ne6 {[%clk 0:43:42]} 42... Nxb4 {[%clk 0:47:03]} 43. Kg3 { [%clk
0:43:40]} 43... Nd5 {[%clk 0:44:50]} 44. f4 {[%clk 0:43:30]} 44... b6 { [%clk
0:44:02]} 45. axb6 {[%clk 0:43:30]} 45... Nxb6 {[%clk 0:44:25]} 46. Rc1 { [%clk
0:43:27]} 46... Na7 {[%clk 0:43:40]} 47. f5+ {[%clk 0:43:39]} 47... Kf6 { [%clk
0:43:54]} 48. Rh1 {[%clk 0:43:32]} 1-0

[Event "DEM U16 2017"]
[Site "Willingen GER"]
[Date "2017.06.10"]
[Round "9"]
[White "Gungl, Theo"]
[Black "Schmidek, Emil"]
[Result "1-0"]
[Termination "normal"]
[Board "2"]
[WhiteTitle "FM"]
[BlackTitle "FM"]
[WhiteElo "2239"]
[BlackElo "2424"]
[WhiteClock "00:43:16"]
[BlackClock "00:27:49"]
[PlyCount "121"]
[WhiteFideId "24695653"]
[BlackFideId "12908150"]
[EventCountry "GER"]
[EventRounds "9"]
[EventType "swiss"]
[EventDate "2017.06.03"]

1. e4 {[%clk 1:30:59]} 1... e5 {[%clk 1:30:54]} 2. Nf3 {[%clk 1:31:24]} 2...
Nc6 {[%clk 1:31:21]} 3. Bb5 {[%clk 1:31:49]} 3... a6 {[%clk 1:31:49]} 4. Bxc6 {
[%clk 1:32:15]} 4... dxc6 {[%clk 1:32:15]} 5. O-O {[%clk 1:32:39]} 5... Bg4 {
[%clk 1:32:43]} 6. h3 {[%clk 1:33:04]} 6... h5 {[%clk 1:33:11]} 7. d3 { [%clk
1:33:28]} 7... Qf6 {[%clk 1:33:39]} 8. Nbd2 {[%clk 1:33:53]} 8... Ne7 { [%clk
1:34:05]} 9. Re1 {[%clk 1:34:18]} 9... Ng6 {[%clk 1:34:31]} 10. d4 { [%clk
1:34:42]} 10... Nf4 {[%clk 1:34:58]} 11. hxg4 {[%clk 1:35:06]} 11... hxg4
{[%clk 1:35:25]} 12. g3 {[%clk 1:35:31]} 12... gxf3 {[%clk 1:35:51]} 13. Qxf3 {
[%clk 1:35:56]} 13... Ne6 {[%clk 1:36:16]} 14. dxe5 {[%clk 1:36:21]} 14... Qxe5
{[%clk 1:36:42]} 15. Qf5 {[%clk 1:36:46]} 15... Qd6 {[%clk 1:37:08]} 16. Nf3 {
[%clk 1:37:10]} 16... g6 {[%clk 1:37:26]} 17. Qg4 {[%clk 1:37:34]} 17... O-O-O
{[%clk 1:37:30]} 18. Bf4 {[%clk 1:36:38]} 18... Qe7 {[%clk 1:09:19]} 19. Be5 {
[%clk 1:36:14]} 19... Rh5 {[%clk 0:58:21]} 20. Kg2 {[%clk 1:29:19]} 20... Qd7 {
[%clk 0:39:16]} 21. Rh1 {[%clk 1:24:53]} 21... Rxh1 {[%clk 0:39:15]} 22. Rxh1 {
[%clk 1:25:08]} 22... Bc5 {[%clk 0:37:20]} 23. Bc3 {[%clk 1:11:48]} 23... Bd6 {
[%clk 0:26:55]} 24. Rd1 {[%clk 1:01:44]} 24... f5 {[%clk 0:13:16]} 25. Qxg6 {
[%clk 0:48:02]} 25... fxe4 {[%clk 0:13:30]} 26. Ne5 {[%clk 0:47:20]} 26... Qe7
{[%clk 0:11:44]} 27. Qxe4 {[%clk 0:46:40]} 27... Rg8 {[%clk 0:07:22]} 28. Re1 {
[%clk 0:45:38]} 28... Qg5 {[%clk 0:05:36]} 29. Nf7 {[%clk 0:31:28]} 29... Nf4+
{[%clk 0:05:46]} 30. Kf1 {[%clk 0:31:49]} 30... Qb5+ {[%clk 0:05:15]} 31. Kg1 {
[%clk 0:32:08]} 31... Nh3+ {[%clk 0:03:28]} 32. Kh2 {[%clk 0:32:22]} 32... Ng5
{[%clk 0:03:32]} 33. Qg4+ {[%clk 0:27:17]} 33... Kb8 {[%clk 0:04:00]} 34. Nxg5
{[%clk 0:27:21]} 34... Rxg5 {[%clk 0:04:10]} 35. Re8+ {[%clk 0:25:31]} 35...
Ka7 {[%clk 0:04:38]} 36. Bd4+ {[%clk 0:25:53]} 36... c5 {[%clk 0:02:49]} 37.
Qxg5 {[%clk 0:26:11]} 37... Qxe8 {[%clk 0:03:11]} 38. Bxc5+ {[%clk 0:26:37]}
38... Bxc5 {[%clk 0:03:31]} 39. Qxc5+ {[%clk 0:27:05]} 39... Kb8 { [%clk
0:04:00]} 40. Qd4 {[%clk 0:25:06]} 40... Qf7 {[%clk 0:03:23]} 41. c4 { [%clk
0:23:38]} 41... b6 {[%clk 0:01:53]} 42. a3 {[%clk 0:22:47]} 42... Ka7 { [%clk
0:01:08]} 43. Kg2 {[%clk 0:20:57]} 43... Qe6 {[%clk 0:00:54]} 44. Qd5 { [%clk
0:18:33]} 44... Qe2 {[%clk 0:01:18]} 45. b4 {[%clk 0:16:27]} 45... Qb2 { [%clk
0:29:15]} 46. Qc6 {[%clk 0:42:58]} 46... Kb8 {[%clk 0:29:31]} 47. c5 { [%clk
0:43:13]} 47... bxc5 {[%clk 0:29:11]} 48. Qxa6 {[%clk 0:43:30]} 48... cxb4
{[%clk 0:27:08]} 49. Qb5+ {[%clk 0:42:16]} 49... Kc8 {[%clk 0:27:25]} 50. Qe8+
{[%clk 0:42:40]} 50... Kb7 {[%clk 0:27:50]} 51. Qe4+ {[%clk 0:43:04]} 51... Ka7
{[%clk 0:27:53]} 52. axb4 {[%clk 0:42:22]} 52... Qf6 {[%clk 0:27:36]} 53. Qd5
{[%clk 0:41:35]} 53... c6 {[%clk 0:26:18]} 54. Qc5+ {[%clk 0:41:39]} 54... Kb7
{[%clk 0:26:42]} 55. b5 {[%clk 0:42:03]} 55... cxb5 {[%clk 0:27:10]} 56. Qxb5+
{[%clk 0:42:28]} 56... Kc7 {[%clk 0:27:24]} 57. Qd5 {[%clk 0:42:25]} 57... Kb6
{[%clk 0:27:25]} 58. g4 {[%clk 0:42:29]} 58... Qf4 {[%clk 0:27:31]} 59. Qb3+
{[%clk 0:42:28]} 59... Ka6 {[%clk 0:27:37]} 60. Qd3+ {[%clk 0:42:51]} 60... Ka5
{[%clk 0:27:49]} 61. Qf5+ {[%clk 0:43:16]} 1-0

[Event "DEM U16 2017"]
[Site "Willingen GER"]
[Date "2017.06.10"]
[Round "9"]
[White "Ewert, Hannes"]
[Black "Buckels, Valentin"]
[Result "1-0"]
[Termination "normal"]
[Board "3"]
[BlackTitle "FM"]
[WhiteElo "2231"]
[BlackElo "2325"]
[WhiteClock "00:26:46"]
[BlackClock "00:43:29"]
[PlyCount "107"]
[WhiteFideId "12961574"]
[BlackFideId "12942766"]
[EventCountry "GER"]
[EventRounds "9"]
[EventType "swiss"]
[EventDate "2017.06.03"]

1. d4 {[%clk 1:30:50]} 1... Nf6 {[%clk 1:30:55]} 2. c4 {[%clk 1:31:11]} 2... e6
{[%clk 1:31:20]} 3. Nf3 {[%clk 1:31:29]} 3... Bb4+ {[%clk 1:31:45]} 4. Nbd2 {
[%clk 1:31:50]} 4... O-O {[%clk 1:32:09]} 5. a3 {[%clk 1:32:06]} 5... Be7 {
[%clk 1:32:35]} 6. e3 {[%clk 1:31:57]} 6... b6 {[%clk 1:31:23]} 7. Bd3 { [%clk
1:31:24]} 7... Bb7 {[%clk 1:29:34]} 8. O-O {[%clk 1:30:51]} 8... d6 { [%clk
1:29:48]} 9. e4 {[%clk 1:27:32]} 9... Nbd7 {[%clk 1:29:01]} 10. Qc2 { [%clk
1:06:27]} 10... e5 {[%clk 1:27:44]} 11. d5 11... a5 {[%clk 1:23:35]} 12. b3
{[%clk 1:05:01]} 12... Bc8 {[%clk 1:22:30]} 13. Bb2 {[%clk 1:01:30]} 13... Nh5
{[%clk 1:15:08]} 14. g3 {[%clk 0:47:21]} 14... Nc5 {[%clk 1:05:18]} 15. Be2
{[%clk 0:37:10]} 15... Bg4 {[%clk 1:04:48]} 16. Nd4 {[%clk 0:33:21]} 16... Bxe2
{[%clk 1:02:48]} 17. Nxe2 {[%clk 0:33:36]} 17... Bg5 {[%clk 1:00:14]} 18. Nf3 {
[%clk 0:30:06]} 18... Bh6 {[%clk 0:59:07]} 19. b4 {[%clk 0:25:09]} 19... Nb7 {
[%clk 0:58:45]} 20. Ne1 {[%clk 0:21:51]} 20... Qd7 {[%clk 0:54:43]} 21. Ng2 {
[%clk 0:21:04]} 21... Qh3 {[%clk 0:52:01]} 22. f3 {[%clk 0:18:15]} 22... g6 {
[%clk 0:49:32]} 23. g4 {[%clk 0:18:18]} 23... Ng7 {[%clk 0:48:13]} 24. Kh1 {
[%clk 0:17:07]} 24... Bg5 {[%clk 0:48:33]} 25. Ng3 {[%clk 0:14:08]} 25... Bh4 {
[%clk 0:45:10]} 26. Nxh4 {[%clk 0:11:28]} 26... Qxh4 {[%clk 0:45:33]} 27. f4 {
[%clk 0:10:49]} 27... f6 {[%clk 0:43:28]} 28. Qe2 {[%clk 0:10:35]} 28... Rae8 {
[%clk 0:33:30]} 29. f5 {[%clk 0:04:58]} 29... g5 {[%clk 0:33:37]} 30. Bc3 {
[%clk 0:04:20]} 30... Ra8 {[%clk 0:31:57]} 31. Rg1 {[%clk 0:01:56]} 31... Qh3 {
[%clk 0:30:19]} 32. Bd2 {[%clk 0:01:26]} 32... Kf7 {[%clk 0:27:48]} 33. Be3 {
[%clk 0:01:04]} 33... h5 {[%clk 0:25:35]} 34. gxh5 {[%clk 0:01:07]} 34... Rh8 {
[%clk 0:25:59]} 35. c5 {[%clk 0:01:01]} 35... bxc5 {[%clk 0:24:39]} 36. bxc5 {
[%clk 0:01:30]} 36... Nxh5 {[%clk 0:24:54]} 37. Nxh5 {[%clk 0:01:41]} 37...
Rxh5 {[%clk 0:25:13]} 38. Rab1 {[%clk 0:01:23]} 38... Rah8 {[%clk 0:25:28]} 39.
Rg2 {[%clk 0:01:49]} 39... Nd8 {[%clk 0:24:54]} 40. cxd6 {[%clk 0:01:58]} 40...
cxd6 {[%clk 0:25:16]} 41. Rb8 {[%clk 0:01:27]} 41... Qh4 {[%clk 0:23:42]} 42.
Qc2 {[%clk 0:00:33]} 42... Re8 {[%clk 0:16:36]} 43. Bf2 {[%clk 0:28:19]} 43...
Qf4 {[%clk 0:42:42]} 44. Qc7+ {[%clk 0:27:11]} 44... Re7 {[%clk 0:42:56]} 45.
Qxd8 {[%clk 0:26:26]} 45... Rxh2+ {[%clk 0:43:04]} 46. Rxh2 {[%clk 0:26:33]}
46... Qf3+ {[%clk 0:43:29]} 47. Kg1 {[%clk 0:24:35]} 47... Qd1+ {[%clk 0:43:55]
} 48. Kg2 {[%clk 0:25:00]} 48... Qg4+ {[%clk 0:44:23]} 49. Kf1 {[%clk 0:25:04]}
49... Qd1+ {[%clk 0:44:49]} 50. Be1 {[%clk 0:25:28]} 50... Qd3+ {[%clk 0:43:38]
} 51. Kg1 {[%clk 0:25:35]} 51... Qe3+ {[%clk 0:42:35]} 52. Bf2 {[%clk 0:25:57]}
52... Qc1+ {[%clk 0:43:03]} 53. Kg2 {[%clk 0:26:22]} 53... Qxa3 {[%clk 0:43:29]
} 54. Qg8# {[%clk 0:26:46]} 1-0

[Event "DEM U16 2017"]
[Site "Willingen GER"]
[Date "2017.06.10"]
[Round "9"]
[White "Färber, David"]
[Black "Degenhard, Simon"]
[Result "1-0"]
[Termination "normal"]
[Board "4"]
[WhiteElo "2229"]
[BlackElo "2151"]
[WhiteClock "00:12:22"]
[BlackClock "00:01:38"]
[PlyCount "81"]
[WhiteFideId "12971294"]
[BlackFideId "12944017"]
[EventCountry "GER"]
[EventRounds "9"]
[EventType "swiss"]
[EventDate "2017.06.03"]

1. e4 {[%clk 1:30:57]} 1... c5 {[%clk 1:30:47]} 2. Nf3 {[%clk 1:31:20]} 2... g6
{[%clk 1:31:11]} 3. d4 {[%clk 1:31:44]} 3... cxd4 {[%clk 1:31:35]} 4. Nxd4 {
[%clk 1:32:08]} 4... Bg7 {[%clk 1:31:58]} 5. Nc3 {[%clk 1:32:33]} 5... Nc6 {
[%clk 1:32:23]} 6. Be3 {[%clk 1:32:57]} 6... Nf6 {[%clk 1:32:42]} 7. Bc4 {
[%clk 1:33:02]} 7... Qa5 {[%clk 1:32:56]} 8. O-O {[%clk 1:33:17]} 8... d6 {
[%clk 1:33:00]} 9. h3 {[%clk 1:32:49]} 9... O-O {[%clk 1:33:12]} 10. Bb3 {
[%clk 1:33:12]} 10... Bd7 {[%clk 1:32:49]} 11. Re1 {[%clk 1:33:30]} 11... Rfe8
{[%clk 1:32:45]} 12. Nf3 {[%clk 1:33:47]} 12... Rac8 {[%clk 1:19:39]} 13. Qd2 {
[%clk 1:22:26]} 13... Qa6 {[%clk 1:04:29]} 14. Ng5 {[%clk 1:11:21]} 14... Rf8 {
[%clk 0:56:24]} 15. f4 {[%clk 1:08:32]} 15... Rcd8 {[%clk 0:40:26]} 16. Qf2 {
[%clk 1:04:16]} 16... h6 {[%clk 0:33:57]} 17. Nf3 {[%clk 1:03:14]} 17... e5 {
[%clk 0:29:06]} 18. Rad1 {[%clk 0:59:24]} 18... Be6 {[%clk 0:27:34]} 19. fxe5 {
[%clk 0:57:20]} 19... dxe5 {[%clk 0:27:41]} 20. Rxd8 {[%clk 0:46:03]} 20...
Rxd8 {[%clk 0:28:09]} 21. Bxe6 {[%clk 0:46:07]} 21... fxe6 {[%clk 0:28:37]} 22.
Qg3 {[%clk 0:45:22]} 22... Kh7 {[%clk 0:24:52]} 23. Qh4 {[%clk 0:40:40]} 23...
Nh5 {[%clk 0:17:46]} 24. g4 {[%clk 0:34:19]} 24... Bf6 {[%clk 0:15:26]} 25. Qf2
{[%clk 0:33:48]} 25... Nf4 {[%clk 0:15:13]} 26. Bxf4 {[%clk 0:34:03]} 26...
exf4 {[%clk 0:15:36]} 27. e5 {[%clk 0:34:03]} 27... Bg7 {[%clk 0:14:23]} 28.
Re4 {[%clk 0:32:41]} 28... Qa5 {[%clk 0:10:01]} 29. Rxf4 {[%clk 0:22:39]} 29...
Nxe5 {[%clk 0:10:24]} 30. Nxe5 {[%clk 0:22:21]} 30... Qxe5 {[%clk 0:10:51]} 31.
Kg2 {[%clk 0:21:43]} 31... Qa5 {[%clk 0:06:56]} 32. Rf7 {[%clk 0:19:57]} 32...
Kg8 {[%clk 0:04:16]} 33. Rxb7 {[%clk 0:17:32]} 33... Rf8 {[%clk 0:04:40]} 34.
Qe2 {[%clk 0:14:26]} 34... Rf6 {[%clk 0:01:28]} 35. Qb5 {[%clk 0:13:27]} 35...
Qxb5 {[%clk 0:01:26]} 36. Nxb5 {[%clk 0:13:45]} 36... a6 {[%clk 0:01:00]} 37.
Nc7 {[%clk 0:13:30]} 37... Rf7 {[%clk 0:01:16]} 38. Rb8+ {[%clk 0:13:42]} 38...
Kh7 {[%clk 0:01:38]} 39. Nxe6 {[%clk 0:13:38]} 39... Be5 {[%clk 0:01:33]} 40.
Rb6 {[%clk 0:12:34]} 40... Re7 {[%clk 0:01:38]} 41. Nf8+ {[%clk 0:12:22]} 1-0